Athanasius Kircher: itinerario del éxtasis o las imágenes de un saber universal
Gorde:
| Egile nagusia: | |
|---|---|
| Formatua: | Liburua |
| Hizkuntza: | gaztelania |
| Argitaratua: |
Madrid
Siruela
1985
|
| Saila: | Coleccón Ites Exstatium, 1
|
| Gaiak: | |
| Etiketak: |
Etiketa erantsi
Etiketarik gabe, Izan zaitez lehena erregistro honi etiketa jartzen!
|
MARC
| LEADER | 00000nam a2200000 a 4500 | ||
|---|---|---|---|
| 001 | UCO6438 | ||
| 003 | CL-VaPUC | ||
| 008 | 001020e19850000SP |||||||||||||||||spa|d | ||
| 082 | 0 | 4 | |a 704.946 |b GOM |2 21 |
| 100 | |a Gómez de Liaño, Ignacio |e author |9 451074 | ||
| 245 | 1 | 0 | |a Athanasius Kircher: itinerario del éxtasis o las imágenes de un saber universal |
| 300 | |a 2 v | ||
| 942 | |c BK | ||
| 945 | |d 20001020 00:00:00 |a crobeson | ||
| 260 | |a Madrid |b Siruela |c 1985 | ||
| 600 | 0 | 7 | |a KIRCHER, ATHANASIUS |2 CL-VaPUC |9 451075 |
| 650 | 7 | |a IMAGENES E IDOLOS |2 CL-VaPUC |9 265073 | |
| 650 | 0 | |a Mitología |9 255719 | |
| 650 | 0 | |a Simbolismo en el arte |9 265074 | |
| 650 | 0 | |a Simbolismo (Psicología) |9 265075 | |
| 583 | |a last modification |c 20001020 00:00:00 |k Rodrigo Vera | ||
| 490 | 0 | |a Coleccón Ites Exstatium, 1 | |
| 999 | |c 291968 |d 291966 | ||
| 952 | |0 0 |1 0 |2 ddc |4 0 |6 704_946000000000000_GOM_1985 |7 0 |8 A |9 342330 |a BIBART |b BIBART |d 2019-11-20 |h v.2 |i 1227335 |l 3 |o 704.946 GOM 1985 |p 1227335 |r 2025-04-08 |s 2025-04-08 |w 2019-11-20 |y BK |k ART | ||